000 00690nam a2200265Ia 4500
005 20260121170507.0
008 008 260114s9999 xx 000 0 eng d
020 _a9783319762289
037 _aEBOOK
040 _aCRL
040 _beng
040 _cCRL
041 _2eng
041 _aeng
084 _qCRL
100 _aKrzysztof Jajuga, Hermann Locarek-Junge, Lucjan T. Orlowski
_91064559
245 0 _aContemporary Trends and Challenges in Finance
260 _bSpringer
260 _bSpringer
260 _c2018
856 _uhttps://link.springer.com/openurl?genre=book&isbn=978-3-319-76228-9
942 _cEBOOK
999 _c1630288
_d1630288